000 00902nam a22002777a 4500
001 9287
003 FISKH
005 20251209101550.0
008 251209b cb ||||| |||| 00| 0 eng d
040 _aFISKH
_beng
_cFISKH
_dFISKH
050 _aPZ7.S9583 P
082 _a 268.81
100 _aSunshine, Madeline
245 _aSesame Street:
_bPuppy love /
_cby Madeline Sunshine ; Illustrated by Carol NIcklaus
260 _aNew York :
_bA Golden Books,
_c1983.
300 _a24 unnumbered pages :
_bcolor illustrations ;
_c21 cm
505 _aH
520 _aBarkley the dog shows Ernie and Bert how to take care of a dog they are in charge of for a day.
521 8 _a430
_bLexile estimate
521 8 _aH
_bRaz-Plus
650 _aLittle Golden Book
_vFiction
_xSesame Street
650 _aDogs
700 _aNIcklaus, Carol
_eillustrator
942 _2ddc
_cBK
_n0
999 _c9287
_d9287